00859 a2200193 4500020001800000050002200018100003400040245004000074264006300114300002200177336002100199337002500220338002300245504001300268520030600281650002600587650002500613651002700638 a9780857662743 aPS3603.bCOL 2013 aCollins, Lee,d 1984-eauthor aShe returns from war /cLee Collins aNottingham ; Long Island City, NY : bAngry Robot, c2013. a361 pages ; 18 cm 1text2rdacontent 1unmediated2rdamedia 1volume2rdacarrier ano index aFour years after the horrific events in Leadville, a young woman from England, Victoria Dawes, sets into motion a series of events that will lead Cora and herself out into the New Mexico desert in pursuit of Anaba, a Navajo witch bent on taking revenge for the atrocities committed against her people. aYoung womenx Fiction a Revenge xFiction.  aNew Mexico -- Fiction.